Statistics for Largest cities in Malaysia

Click here to take the quiz!

General Stats

  • This quiz has been taken 19 times
  • The average score is 4 of 7

Answer Stats

Answer % Correct
Kuala Lumpur
100%
George Town
88%
Ipoh
63%
Johor Bahru
50%
Kuantan
50%
Kota Kinabalu
38%
Malacca City
0%

Score Distribution

Percentile by Number Answered

Percent of People with Each Score

Your Score History

You have not taken this quiz